Modern Indian poetry in English / (Record no. 186144)

000 -LEADER
fixed length control field 01531 a2200265 4500
003 - CONTROL NUMBER IDENTIFIER
control field Nust
005 - DATE AND TIME OF LATEST TRANSACTION
control field 20230330113831.0
010 ## - LIBRARY OF CONGRESS CONTROL NUMBER
LC control number 2006270047
020 ## - INTERNATIONAL STANDARD BOOK NUMBER
International Standard Book Number 019567197X (pbk.)
035 ## - SYSTEM CONTROL NUMBER
System control number (OCoLC)ocm57006137
040 ## - CATALOGING SOURCE
Transcribing agency Nust
082 04 - DEWEY DECIMAL CLASSIFICATION NUMBER
Classification number 821.9109954,BRO
100 1# - MAIN ENTRY--PERSONAL NAME
Personal name King, Bruce,
9 (RLIN) 41316
245 10 - TITLE STATEMENT
Title Modern Indian poetry in English /
Statement of responsibility, etc. Bruce King.
250 ## - EDITION STATEMENT
Edition statement Rev. ed.
260 ## - PUBLICATION, DISTRIBUTION, ETC.
Place of publication, distribution, etc. New Delhi ;
-- New York :
Name of publisher, distributor, etc. Oxford University Press,
Date of publication, distribution, etc. 2004.
300 ## - PHYSICAL DESCRIPTION
Extent x, 416 p. ;
Dimensions 22 cm.
440 #0 - SERIES STATEMENT/ADDED ENTRY--TITLE
Title Oxford India paperbacks
505 ## - FORMATTED CONTENTS NOTE
Formatted contents note Introduction (Page-1), History and Publishing Circles (Page-11), The Poets Their Readers and The Market (Page-47), Towards a Cannon (Page-60), Poetics and Criticism (Page-73), Ezekiel and His Influence (Page-91), The Poets India I (Page-110), The Poets India II (Page-129), Women’s Voices (Page-147), Two Bilingual Experimentalists (Page-162), Experimentalists II (Page-183), Exile (Page-209), And Return (Page-231), The Diaspora (Page-257),Publishing (Page-275), Maturity (Page-295), New Women Poets (Page-312), New Poets (Page-333).
650 #0 - SUBJECT ADDED ENTRY--TOPICAL TERM
Topical term or geographic name entry element Indic poetry (English)
Chronological subdivision 20th century
General subdivision History and criticism.
9 (RLIN) 14429
856 42 - ELECTRONIC LOCATION AND ACCESS
Materials specified Contributor biographical information
Uniform Resource Identifier <a href="http://www.loc.gov/catdir/enhancements/fy0723/2006270047-b.html">http://www.loc.gov/catdir/enhancements/fy0723/2006270047-b.html</a>
856 42 - ELECTRONIC LOCATION AND ACCESS
Materials specified Publisher description
Uniform Resource Identifier <a href="http://www.loc.gov/catdir/enhancements/fy0635/2006270047-d.html">http://www.loc.gov/catdir/enhancements/fy0635/2006270047-d.html</a>
856 42 - ELECTRONIC LOCATION AND ACCESS
Materials specified Table of contents only
Uniform Resource Identifier <a href="http://www.loc.gov/catdir/enhancements/fy0635/2006270047-t.html">http://www.loc.gov/catdir/enhancements/fy0635/2006270047-t.html</a>
942 ## - ADDED ENTRY ELEMENTS (KOHA)
Source of classification or shelving scheme
Koha item type Book
Call number prefix 821.9109954,BRO
Holdings
Withdrawn status Lost status Source of classification or shelving scheme Damaged status Not for loan Permanent Location Current Location Shelving location Date acquired Full call number Barcode Date last seen Price effective from Koha item type Public note
          Military College of Signals (MCS) Military College of Signals (MCS) General Stacks 12/12/2016 821.9109954,BRO MCS34361 12/08/2016 12/12/2016 Book Almirh No 75, Shelf No 4
© 2023 Central Library, National University of Sciences and Technology. All Rights Reserved.